000 00527nam a2200169 i 4500
001 78258
003 ES-MaACL
005 20230906173629.0
007 t|
008 041013s1965 sp ||||1| spa d
100 1 _aHardegger, E.
_961809
245 1 0 _aIntroducción a las prácticas de Química Orgánica /
_cE. Hardegger ; [versión Ramón Carreras Linares].
260 _aBarcelona :
_bReverté,
_c1965.
300 _a128 p. ;
_c21 cm.
700 1 _aCarreras Linares, Ramón.
_935675
852 _aES-MaACL
_jC-28480
_bR.57744
999 _c78258
_d78258